Central Library OPAC University of Rajshahi

Atlas of the Child in India, (Record no. 85976)

MARC details
000 -LEADER
fixed length control field 00711nam a22002177a 4500
003 - CONTROL NUMBER IDENTIFIER
rucl marc code BD-RjUL
005 - DATE AND TIME OF LATEST TRANSACTION
control field 20251120111527.0
008 - FIXED-LENGTH DATA ELEMENTS--GENERAL INFORMATION
fixed length control field 251120s1986 us a|||| i||| 00| 0 eng d
035 ## - SYSTEM CONTROL NUMBER
System control number (BD-RjUL)
040 ## - CATALOGING SOURCE
Original cataloging agency BD-RjUL
Language of cataloging eng
Transcribing agency BD-RjUL
Modifying agency DLC
Description conventions DLC
041 ## - LANGUAGE CODE
Language code of text/sound track or separate title eng
082 ## - DEWEY DECIMAL CLASSIFICATION NUMBER
Edition number 23
Classification number 912.54
Author mark and year ATM 1986
245 ## - TITLE STATEMENT
Title Atlas of the Child in India,
Statement of responsibility, etc. Moonis Raza, Sudesh Nangia
264 ## - PRODUCTION, PUBLICATION, DISTRIBUTION, MANUFACTURE, AND COPYRIGHT NOTICE
Place of production, publication, distribution, manufacture New Delhi
Name of producer, publisher, distributor, manufacturer Concept Publishing Company, New Delhi,
Date of production, publication, distribution, manufacture, or copyright notice 1986
300 ## - PHYSICAL DESCRIPTION
Pagination 475 page,
Illustrations illustration ;
Size 30 cm.
336 ## - CONTENT TYPE
Source Family Planning Foundation. India
Content type term United Nations Childrens Fund, New Delhi.
504 ## - BIBLIOGRAPHY, ETC. NOTE
Bibliography, etc Bibliography note,
650 ## - SUBJECT ADDED ENTRY--TOPICAL TERM
Topical term or geographic name as entry element Child
700 ## - ADDED ENTRY--PERSONAL NAME
Personal name Raza, Moonis, Nangia, Sudesh
942 ## - ADDED ENTRY ELEMENTS (KOHA)
Source of classification or shelving scheme Dewey Decimal Classification
Koha item type Books
Holdings
Lost status Source of classification or shelving scheme Damaged status Not for loan Permanent Location Current Location Shelving location Date acquired Total Checkouts Full call number Date last seen Copy number Koha item type
  Dewey Decimal Classification   Not For Loan Central Library, University of Rajshahi Central Library, University of Rajshahi Reference 29/04/1989   R 912.54 ATM 1986 20/11/2025 C-1 Books